000 00717nam a2200301Ia 4500
008 160321s9999||||xx |||||||||||||| ||und||
040 _cEnglish
082 _aXi.B/Tozer
082 _bBORI-54559
100 _aHenry J. Tozer
245 4 _aThe Social Contract
250 _bFirst
260 _aLondon
260 _bGeorge Allen & Unwin Ltd.
260 _c1805
300 _aVii + 247
300 _cA
300 _ePaperback
530 _u00066016.pdf
563 _aStudy
600 _aHenry J. Tozer
630 _aThe Social Contract
650 _a"Social History, Culture"
650 _aGeneral Indology
700 _aHenry J. Tozer
730 _aThe Social Contract
942 _cBOOK
999 _c1365185
_d1365182